000 00866nas a2200301 4500
001 BR2014000615
003 BR-BrBNA
005 20231205123645.0
007 ta
008 230509b bl.|||p| |||| 00| 00por d
040 _aBR-BrBNA
_bpor
_cBiblioteca Nacional de Agricultura
041 _a(En)
072 _aH60
100 1 _aVargas, L.
100 1 _aFraga, D.S.
100 1 _aAgostinetto, D.
100 1 _aMariani, F.
100 1 _aDuarte, T.V.
100 1 _aSilva, B.M.
245 1 _aDose-response curves of Lolium multiflorum biotypes resistant an susceptible to clethodim
650 _aAZEVÉM
650 _aHERBICIDA
650 _aCONTROLE QUÍMICO
650 _aBIÓTIPO
773 0 _tPlanta Daninha (Brazil)
_xISSN 0100-8358
_g(2013), v. 31(4) p. 887-892
_wBR2014000615
909 _a202311
_bLúcia
_c55
_dLúcia Elande
942 _2AGRIS
_n0
_cANA
999 _c235023
_d235023